[Event "Baden-ch U1700"]
[Site "Walldorf"]
[Date "2017.07.30"]
[Round "7"]
[White "Lieber, Gerhard"]
[Black "Wagner, Stefan"]
[Result "1/2-1/2"]
[WhiteElo "1734"]
[BlackElo "1626"]
[PlyCount "52"]
[EventDate "2017.07.26"]
[EventType "swiss"]
[EventRounds "7"]
[EventCountry "GER"]
[SourceTitle "EXT 2018"]
[Source "ChessBase"]
[SourceDate "2017.10.13"]
[SourceVersion "1"]
[SourceVersionDate "2017.10.13"]
[SourceQuality "1"]

1. d4 Nf6 2. c4 e6 3. Nc3 Bb4 4. Qc2 c5 5. Nf3 Nc6 6. e3 d5 7. a3 cxd4 8. exd4 Be7 9. c5 a6 10. Bd3 Qc7 11. Bg5 h6 12. Bh4 Bd7 13. Bg3 Qd8 14. 0-0 Nh5 15. Ne2 Nxg3 16. fxg3 Bf6 17. Rae1 Qc7 18. Kh1 0-0 19. Qd2 Rae8 20. b4 e5 21. dxe5 Nxe5 22. Nc3 Nxd3 23. Qxd3 Bxc3 24. Qxc3 Bb5 25. Rxe8 Rxe8 26. Re1 Rd8 1/2-1/2

[Event "Baden-ch U1700"]
[Site "Walldorf"]
[Date "2017.07.28"]
[Round "4"]
[White "Lieber, Gerhard"]
[Black "Kilian, Claus"]
[Result "1/2-1/2"]
[WhiteElo "1734"]
[BlackElo "1599"]
[PlyCount "56"]
[EventDate "2017.07.26"]
[EventType "swiss"]
[EventRounds "7"]
[EventCountry "GER"]
[SourceTitle "EXT 2018"]
[Source "ChessBase"]
[SourceDate "2017.10.13"]
[SourceVersion "1"]
[SourceVersionDate "2017.10.13"]
[SourceQuality "1"]

1. d4 d5 2. c4 e6 3. Nf3 c6 4. Qc2 Nf6 5. Nc3 Bd6 6. cxd5 exd5 7. Bg5 Bg4 8. Ne5 Bh5 9. e3 Nbd7 10. Nxd7 Qxd7 11. Bxf6 gxf6 12. h3 Bg6 13. Bd3 f5 14. 0-0-0 Qe6 15. Kb1 0-0-0 16. Ka1 Kb8 17. g3 Rc8 18. Qb3 Ka8 19. Be2 f6 20. Rde1 Rhe8 21. Bf3 Rc7 22. Rc1 Rce7 23. Nd1 Bc7 24. h4 h5 25. Bg2 Qd7 26. Qc3 Rg7 27. Bh3 Rge7 28. Rg1 Bh7 1/2-1/2

[Event "Stuttgart-chB int"]
[Site "Ditzingen"]
[Date "2006.05.28"]
[Round "7"]
[White "Behm, Wilfried"]
[Black "Lieber, Gerhard"]
[Result "1-0"]
[WhiteElo "1871"]
[BlackElo "1583"]
[PlyCount "68"]
[EventDate "2006.05.25"]
[EventType "swiss"]
[EventRounds "7"]
[EventCountry "GER"]
[SourceTitle "EXT 2018"]
[Source "ChessBase"]
[SourceDate "2017.10.13"]
[SourceVersion "1"]
[SourceVersionDate "2017.10.13"]
[SourceQuality "1"]

1. d4 d5 2. c4 e6 3. Nc3 Nf6 4. Bf4 c6 5. e3 Bb4 6. Bd3 Qa5 7. Nge2 dxc4 8. Bxc4 Nd5 9. Bxd5 exd5 10. a3 Be7 11. b4 Qd8 12. 0-0 Be6 13. b5 Nd7 14. a4 0-0 15. Qb3 Nb6 16. Nc1 Nc4 17. Rd1 Qd7 18. Nd3 Bg4 19. f3 Bh5 20. Nc5 Qc8 21. e4 Na5 22. Qa2 dxe4 23. N3xe4 cxb5 24. axb5 b6 25. Na6 Qf5 26. Bg3 Rac8 27. d5 Bd8 28. Nd6 Qd7 29. Nxc8 Qxc8 30. Rac1 Qd7 31. d6 Qxb5 32. Nc7 Qf5 33. d7 Kh8 34. Ne8 Qg5 1-0

[Event "Stuttgart-chB int"]
[Site "Ditzingen"]
[Date "2006.05.26"]
[Round "3"]
[White "Braun, Tobias"]
[Black "Lieber, Gerhard"]
[Result "1-0"]
[WhiteElo "1713"]
[BlackElo "1583"]
[PlyCount "58"]
[EventDate "2006.05.25"]
[EventType "swiss"]
[EventRounds "7"]
[EventCountry "GER"]
[SourceTitle "EXT 2018"]
[Source "ChessBase"]
[SourceDate "2017.10.13"]
[SourceVersion "1"]
[SourceVersionDate "2017.10.13"]
[SourceQuality "1"]

1. d4 d5 2. c4 e6 3. Nf3 c6 4. Nc3 Nf6 5. Bg5 Be7 6. e3 0-0 7. Bd3 h6 8. Bh4 Nbd7 9. Qc2 b6 10. 0-0 Bb7 11. Rad1 dxc4 12. Bxc4 c5 13. Ne5 Nd5 14. Bxd5 exd5 15. Bxe7 Qxe7 16. Nxd7 Qxd7 17. dxc5 bxc5 18. Nxd5 Qd6 19. Qf5 Rfd8 20. e4 c4 21. Rd2 Re8 22. Rfd1 Re5 23. Qf4 Rae8 24. f3 f5 25. h3 fxe4 26. fxe4 Qc5+ 27. Rf2 Rxe4 28. Qf7+ Kh8 29. Nf4 Rf8 1-0

[Event "Stuttgart-chB int"]
[Site "Ditzingen"]
[Date "2006.05.25"]
[Round "1"]
[White "Defaa, Thomas"]
[Black "Lieber, Gerhard"]
[Result "0-1"]
[WhiteElo "1071"]
[BlackElo "1583"]
[PlyCount "44"]
[EventDate "2006.05.25"]
[EventType "swiss"]
[EventRounds "7"]
[EventCountry "GER"]
[SourceTitle "EXT 2018"]
[Source "ChessBase"]
[SourceDate "2017.10.13"]
[SourceVersion "1"]
[SourceVersionDate "2017.10.13"]
[SourceQuality "1"]

1. c4 e6 2. d4 d5 3. e3 c6 4. Nc3 Nf6 5. cxd5 exd5 6. Nf3 Bd6 7. Be2 Nbd7 8. Qc2 Qc7 9. Bd3 h6 10. 0-0 0-0 11. e4 dxe4 12. Nxe4 Nxe4 13. Bxe4 Nf6 14. Re1 Qd8 15. b3 Bg4 16. Qd3 Qc7 17. g3 Rae8 18. Bb2 Nxe4 19. Rxe4 Bf5 20. Rxe8 Bxd3 21. Re3 Bf5 22. Rc1 Be6 0-1

[Event "Stuttgart-chB int"]
[Site "Ditzingen"]
[Date "2006.05.25"]
[Round "2"]
[White "Lieber, Gerhard"]
[Black "Heidtfeld, Dirk"]
[Result "1/2-1/2"]
[WhiteElo "1583"]
[BlackElo "1805"]
[PlyCount "120"]
[EventDate "2006.05.25"]
[EventType "swiss"]
[EventRounds "7"]
[EventCountry "GER"]
[SourceTitle "EXT 2018"]
[Source "ChessBase"]
[SourceDate "2017.10.13"]
[SourceVersion "1"]
[SourceVersionDate "2017.10.13"]
[SourceQuality "1"]

1. d4 c6 2. c4 d5 3. e3 Nf6 4. Nc3 e6 5. Nf3 Nbd7 6. Be2 dxc4 7. Bxc4 b5 8. Bd3 a6 9. 0-0 c5 10. b3 Bb7 11. Bc2 Be7 12. Bb2 Qc7 13. Rc1 Rd8 14. Qe2 Qb8 15. Rfd1 0-0 16. Bb1 cxd4 17. exd4 Qa8 18. Ne1 Nb6 19. f3 Rd7 20. Qf2 Rfd8 21. Ne2 Qb8 22. Kh1 Nfd5 23. Nd3 Bd6 24. Nc5 Rc7 25. Nxb7 Rxc1 26. Rxc1 Qxb7 27. Qh4 Nf6 28. Bxh7+ Kf8 29. Be4 Nbd5 30. Qh8+ Ng8 31. Nc3 g6 32. g3 Be7 33. Bxd5 exd5 34. Ne2 Rc8 35. Qh3 Rxc1+ 36. Bxc1 Qc6 37. Bh6+ Ke8 38. Bg7 Qe6 39. Qxe6 fxe6 40. Be5 Nh6 41. Kg2 Nf5 42. Kf2 Bg5 43. f4 Be7 44. g4 Nd6 45. Bxd6 Bxd6 46. g5 b4 47. Kf3 Bc7 48. Kg4 Bb6 49. h4 Kf7 50. h5 gxh5+ 51. Kxh5 Kg7 52. Kg4 Kg6 53. Kf3 Kf5 54. Ke3 Bc7 55. Kf3 Bb6 56. Ng3+ Kg6 57. Ke3 Bc7 58. Ne2 Kf5 59. Kf3 Bb6 60. Kg3 Bc7 1/2-1/2

[Event "Stuttgart-chB int"]
[Site "Ditzingen"]
[Date "2005.05.08"]
[Round "7"]
[White "Lieber, Gerhard"]
[Black "Daur, Wolfgang"]
[Result "0-1"]
[WhiteElo "1536"]
[BlackElo "1721"]
[PlyCount "56"]
[EventDate "2005.05.05"]
[EventType "swiss"]
[EventRounds "7"]
[EventCountry "GER"]
[SourceTitle "EXT 2018"]
[Source "ChessBase"]
[SourceDate "2017.10.13"]
[SourceVersion "1"]
[SourceVersionDate "2017.10.13"]
[SourceQuality "1"]

1. d4 e6 2. c4 d5 3. Nc3 Nf6 4. Nf3 h6 5. e3 c5 6. Be2 Nc6 7. 0-0 a6 8. cxd5 exd5 9. dxc5 Bxc5 10. a3 0-0 11. b4 Ba7 12. Bb2 b5 13. Qc2 Bb7 14. Rad1 Rc8 15. Qb1 Ne7 16. Nd4 Rc7 17. Bf3 Qd7 18. h3 Rfc8 19. Nce2 Rc4 20. Ng3 g6 21. Be2 R4c7 22. Nxb5 axb5 23. Bxf6 Qd6 24. Bd4 Bb8 25. Bxb5 Rc2 26. Bc5 R2xc5 27. bxc5 Rxc5 28. Ne4 Qh2# 0-1

[Event "Stuttgart-chB int"]
[Site "Ditzingen"]
[Date "2005.05.07"]
[Round "6"]
[White "Cummings, Nicolai"]
[Black "Lieber, Gerhard"]
[Result "0-1"]
[WhiteElo "1099"]
[BlackElo "1536"]
[PlyCount "47"]
[EventDate "2005.05.05"]
[EventType "swiss"]
[EventRounds "7"]
[EventCountry "GER"]
[SourceTitle "EXT 2018"]
[Source "ChessBase"]
[SourceDate "2017.10.13"]
[SourceVersion "1"]
[SourceVersionDate "2017.10.13"]
[SourceQuality "1"]

1. d4 Nf6 2. c4 g6 3. Nc3 Bg7 4. e4 d6 5. Bd3 c5 6. d5 0-0 7. Be3 Ng4 8. Bd2 f5 9. exf5 Ne5 10. Qe2 Nxd3+ 11. Qxd3 Bxf5 12. Qe2 Qc8 13. h3 e5 14. 0-0-0 a6 15. g4 Bd7 16. Ne4 Qc7 17. h4 h6 18. Nh3 b5 19. cxb5 axb5 20. Kb1 b4 21. b3 Qa7 22. a4 bxa3 23. Nxd6 a2+ 24. Ka1 0-1

[Event "Stuttgart-chB"]
[Site "Stuttgart"]
[Date "2003.??.??"]
[Round "?"]
[White "Bissbort, Julian"]
[Black "Lieber, Gerhard"]
[Result "1-0"]
[WhiteElo "1790"]
[BlackElo "1620"]
[PlyCount "45"]
[EventDate "2003.??.??"]
[EventType "swiss"]
[EventRounds "9"]
[EventCountry "GER"]
[SourceTitle "EXT 2007"]
[Source "ChessBase"]
[SourceDate "2006.11.23"]
[SourceVersion "1"]
[SourceVersionDate "2006.11.23"]
[SourceQuality "1"]

1. e4 e6 2. d4 d5 3. exd5 exd5 4. Bd3 Nf6 5. Nf3 Be7 6. Bf4 Bg4 7. Nbd2 c6 8. c3 0-0 9. Qc2 h6 10. h3 Be6 11. g4 Ne8 12. 0-0-0 Nd7 13. Rdg1 Nd6 14. h4 Qb6 15. h5 Ne4 16. Nxe4 dxe4 17. Bxe4 Nf6 18. g5 Nxe4 19. Qxe4 hxg5 20. Bxg5 Rae8 21. Bxe7 Rxe7 22. h6 g6 23. Qe5 1-0

[Event "Stuttgart-chB"]
[Site "Stuttgart"]
[Date "2003.??.??"]
[Round "?"]
[White "Haeberlein, Guenther"]
[Black "Lieber, Gerhard"]
[Result "0-1"]
[WhiteElo "1820"]
[BlackElo "1620"]
[PlyCount "74"]
[EventDate "2003.??.??"]
[EventType "swiss"]
[EventRounds "9"]
[EventCountry "GER"]
[SourceTitle "EXT 2007"]
[Source "ChessBase"]
[SourceDate "2006.11.23"]
[SourceVersion "1"]
[SourceVersionDate "2006.11.23"]
[SourceQuality "1"]

1. Nf3 Nf6 2. d4 d6 3. Nbd2 c5 4. e3 Qc7 5. Bc4 e6 6. dxc5 Qxc5 7. Qe2 Bd7 8. a4 a6 9. b3 Be7 10. 0-0 Nc6 11. c3 e5 12. b4 Qb6 13. e4 0-0 14. h3 Kh8 15. Ba3 Nh5 16. Nxe5 Ng3 17. Qf3 Nxe5 18. Qxg3 Nxc4 19. Nxc4 Qc6 20. Na5 Qc7 21. Bb2 b6 22. Nb3 f5 23. exf5 Rxf5 24. Nd4 Rg5 25. Qe3 Re5 26. Qd2 Bf6 27. Nf3 Rh5 28. Rfd1 d5 29. g4 Rxh3 30. Qe2 Re8 31. Qd2 Rxf3 32. Qxd5 Bc6 33. Re1 Rd8 34. Qh5 g6 35. Qh6 Bg7 36. Qg5 Rh3 37. f4 Rh1+ 0-1

[Event "Stuttgart-chB"]
[Site "Stuttgart"]
[Date "2003.??.??"]
[Round "?"]
[White "Lieber, Gerhard"]
[Black "Kaplunov, Vadym"]
[Result "0-1"]
[WhiteElo "1620"]
[BlackElo "1765"]
[PlyCount "126"]
[EventDate "2003.??.??"]
[EventType "swiss"]
[EventRounds "9"]
[EventCountry "GER"]
[SourceTitle "EXT 2007"]
[Source "ChessBase"]
[SourceDate "2006.11.23"]
[SourceVersion "1"]
[SourceVersionDate "2006.11.23"]
[SourceQuality "1"]

1. d4 Nf6 2. c4 e6 3. Nc3 Bb4 4. a3 Bxc3+ 5. bxc3 b6 6. e3 Bb7 7. Nf3 d6 8. Be2 Nbd7 9. 0-0 0-0 10. Bb2 Qe7 11. Nd2 c5 12. a4 a5 13. f3 Ne8 14. e4 f5 15. Bd3 fxe4 16. fxe4 Rxf1+ 17. Nxf1 Nef6 18. Ng3 Rf8 19. Qe2 g6 20. Rf1 e5 21. h3 Bc8 22. d5 Ne8 23. Bc1 Rxf1+ 24. Qxf1 Qh4 25. Qf3 Ndf6 26. Bd2 Ng7 27. Nf1 Nfh5 28. Kh2 Nf4 29. Bc2 Nfh5 30. Ne3 Qf4+ 31. Qxf4 Nxf4 32. Nf1 Kf7 33. g4 g5 34. Ne3 Kf6 35. Kg3 h5 36. Bd1 Bd7 37. Bc2 Kg6 38. Nf5 Nxf5+ 39. exf5+ Kf6 40. h4 hxg4 41. Kxg4 gxh4 42. Bxf4 exf4 43. Kxf4 h3 44. Kg3 Bxf5 45. Bxf5 Kxf5 46. Kxh3 Ke4 47. Kg4 Kd3 48. Kf5 Kxc4 49. Ke6 Kxc3 50. Kxd6 Kb4 51. Ke6 c4 52. d6 c3 53. d7 c2 54. d8Q c1Q 55. Qxb6+ Kxa4 56. Kd5 Qd2+ 57. Ke5 Qc3+ 58. Kf5 Ka3 59. Qb1 a4 60. Qb7 Ka2 61. Ke4 Qc2+ 62. Kf4 Qd2+ 63. Ke4 Qg2+ 0-1